| 000 | 00938cam a22002653a 4500 | ||
|---|---|---|---|
| 001 | 29621 | ||
| 003 | PGUSA | ||
| 005 | 20140828083636.0 | ||
| 008 | 090806s2009||||xxu|||||s|||||000 1 eng d | ||
| 040 |
_aPGUSA _beng |
||
| 042 | _adc | ||
| 050 | 4 | _aPS | |
| 100 | 1 |
_aOsbourne, Lloyd, _d1868-1947 |
|
| 245 | 1 | 0 |
_aWild Justice : _bStories of the South Seas _h[electronic resource] / _cLloyd Osbourne |
| 260 |
_bProject Gutenberg, _c2009 |
||
| 505 | 0 | _aThe renegade -- The security of the high seas -- Forty years between -- O's head -- Professor No No -- Captain Elijah Coe -- Mr. Bob -- Old Dibs -- The labor captain -- A son of empire -- Cloud of butterflies -- Ben. | |
| 506 | _aPublic domain in the USA. | ||
| 516 | _aElectronic text | ||
| 653 | _aSea stories | ||
| 653 | _aOceania -- Fiction | ||
| 653 | _aShort stories | ||
| 830 | 0 |
_aProject Gutenberg _v29621 |
|
| 856 | 4 | 0 | _uhttp://www.gutenberg.org/ebooks/29621 |
| 942 | _cEB | ||
| 999 |
_c258876 _d258876 |
||